[Event "12. Lovsprings EMT Mesterklassen 2001"]
[Site "Ringsted"]
[Date "2001.03.02"]
[Round "1"]
[White "Haar, Bjarne"]
[Black "Nielsen, Max"]
[Result "0-1"]
[WhiteElo "2024"]
[BlackElo "2213"]
[PlyCount "112"]
[EventDate "2001.??.??"]

1. d4 Nf6 2. Bf4 g6 3. Nd2 Bg7 4. Ngf3 O-O 5. e4 d6 6. Bd3 c5 7. c3 cxd4 8.
cxd4 e5 9. Be3 exd4 10. Bxd4 Nc6 11. Nb3 Nxd4 12. Nfxd4 Re8 13. O-O Nxe4 14.
Rc1 Nc5 15. Bc4 Nxb3 16. Bxb3 Qb6 17. Qf3 Rf8 18. Ne2 Be6 19. Bxe6 fxe6 20. Qg4
Rae8 21. Rc2 d5 22. Ng3 e5 23. Qd1 Rd8 24. Re1 Qa5 25. Re3 a6 26. Ra3 Qb4 27.
Rd3 d4 28. Ne4 Qe7 29. Qc1 Qd7 30. Rc7 Qd5 31. Nc3 Qa5 32. Ne4 Qd5 33. Nc3 Qe6
34. Ne4 Rc8 35. Rxc8 Rxc8 36. Qb1 Qc6 37. Rd1 Bh6 38. h3 b5 39. a3 Qe6 40. Qd3
Bg7 41. Qf3 Rf8 42. Qd3 Qc6 43. Qb3+ Kh8 44. Qd3 Bh6 45. Re1 Qc4 46. Rd1 Qxd3
47. Rxd3 Rc8 48. b4 Rc1+ 49. Kh2 Kg8 50. Kg3 Kf7 51. Kf3 Ke6 52. Rb3 Kd5 53.
Rb2 Kc4 54. g3 Rc3+ 55. Ke2 d3+ 56. Kd1 Rxa3 0-1

[Event "12. Lovsprings EMT Mesterklassen 2001"]
[Site "Ringsted"]
[Date "2001.03.02"]
[Round "1"]
[White "Krogh, Peter Ove"]
[Black "Hovmoller, Kristian"]
[Result "0-1"]
[WhiteElo "1992"]
[BlackElo "2148"]
[PlyCount "78"]
[EventDate "2001.??.??"]

1. c4 c5 2. Nc3 Nf6 3. e4 d6 4. f4 Nc6 5. Nf3 Bg4 6. Be2 g6 7. O-O Bg7 8. Kh1
Bxf3 9. Bxf3 Nd7 10. Rb1 O-O 11. d3 a6 12. Bd2 Rb8 13. Ne2 Nd4 14. Bg4 Nxe2 15.
Qxe2 b5 16. b3 b4 17. h3 Ra8 18. Bxd7 Qxd7 19. f5 a5 20. Qg4 a4 21. fxg6 Qxg4
22. gxh7+ Kxh7 23. hxg4 axb3 24. axb3 Bd4 25. Rf3 Kg6 26. Bf4 Ra7 27. Rh3 Rfa8
28. Rf3 Ra1 29. Rxa1 Rxa1+ 30. Kh2 Rb1 31. Be3 Bxe3 32. Rxe3 Rxb3 33. e5 Rc3
34. exd6 exd6 35. g3 b3 36. Re7 Rxd3 37. Rb7 Rd2+ 38. Kh3 b2 39. Rb6 Kf6 0-1

[Event "12. Lovsprings EMT Mesterklassen 2001"]
[Site "Ringsted"]
[Date "2001.03.02"]
[Round "1"]
[White "Jensen, Leif"]
[Black "Pedersen, Henrik Dahl"]
[Result "0-1"]
[WhiteElo "2052"]
[BlackElo "2150"]
[PlyCount "74"]
[EventDate "2001.??.??"]

1. e4 e6 2. d4 d5 3. Nd2 Nf6 4. e5 Nfd7 5. c3 c5 6. f4 Nc6 7. Ndf3 Qb6 8. Ne2
cxd4 9. cxd4 f6 10. exf6 Nxf6 11. g3 Bb4+ 12. Kf2 O-O 13. Kg2 Bd7 14. Nc3 Be8
15. Na4 Qc7 16. Bd2 Bxd2 17. Qxd2 Ne4 18. Qd1 Bh5 19. Be2 Ne7 20. Rc1 Qa5 21.
a3 Nf5 22. b4 Ne3+ 23. Kg1 Nxd1 24. bxa5 Ndf2 25. Kg2 Nxh1 26. Rxh1 Rac8 27.
Bd3 Bxf3+ 28. Kxf3 Nd2+ 29. Ke3 Nc4+ 30. Bxc4 Rxc4 31. Nc5 Rc3+ 32. Kd2 Rxa3
33. Nxe6 Rb8 34. Rc1 Rxa5 35. Rc7 g6 36. Ng5 Ra2+ 37. Kd3 Rxh2 0-1

[Event "12. Lovsprings EMT Mesterklassen 2001"]
[Site "Ringsted"]
[Date "2001.03.02"]
[Round "1"]
[White "Eddy, Samuel"]
[Black "Christensen, Henrik"]
[Result "0-1"]
[WhiteElo "1982"]
[BlackElo "1929"]
[PlyCount "66"]
[EventDate "2001.??.??"]

1. d4 d5 2. Nc3 Nf6 3. Bg5 e6 4. e4 dxe4 5. Nxe4 Be7 6. Bxf6 Bxf6 7. Nf3 Nd7 8.
c3 g6 9. Bd3 Bg7 10. Qc2 Nb6 11. O-O-O Qe7 12. Nc5 Nd7 13. Qa4 c6 14. Ne4 a5
15. c4 b5 16. cxb5 cxb5 17. Bxb5 O-O 18. Rhe1 Nb6 19. Qc2 Bd7 20. Bxd7 Nxd7 21.
Kd2 Rab8 22. a3 e5 23. Nc3 Nb6 24. Ke2 exd4+ 25. Kf1 Qc5 26. Qd3 dxc3 27. bxc3
Qc4 28. Re4 Qxd3+ 29. Rxd3 Rfc8 30. Nd4 Nc4 31. a4 Rb1+ 32. Ke2 Nb2 33. Rd2
Nxa4 0-1

[Event "12. Lovsprings EMT Mesterklassen 2001"]
[Site "Ringsted"]
[Date "2001.07.02"]
[Round "1"]
[White "Abildlund, Jens"]
[Black "Pedersen, Hans Dahl"]
[Result "1/2-1/2"]
[WhiteElo "2096"]
[BlackElo "2143"]
[PlyCount "101"]
[EventDate "2001.??.??"]

1. d4 d5 2. Nf3 Nf6 3. Bf4 c5 4. e3 Qb6 5. Nc3 Bg4 6. Nb5 Na6 7. a4 c4 8. Be2
e6 9. O-O Be7 10. h3 Bxf3 11. Bxf3 O-O 12. c3 Rac8 13. Qc2 Nb8 14. g4 a6 15.
Na3 Nbd7 16. Bg2 Qc6 17. Nb1 b5 18. Nd2 Bd6 19. Bxd6 Qxd6 20. f4 b4 21. g5 Nh5
22. e4 Ng3 23. Rf2 dxe4 24. Nxe4 Nxe4 25. Bxe4 g6 26. h4 f5 27. Bg2 Nb6 28. Qd2
Nd5 29. h5 bxc3 30. bxc3 Rb8 31. Bf1 Rfc8 32. Re1 Rb3 33. Rf3 Qb6 34. hxg6 hxg6
35. a5 Qd6 36. Re5 Rb7 37. Rh3 Rg7 38. Qh2 Kf7 39. Rh7 Qf8 40. Qh6 Nxf4 41.
Rxg7+ Qxg7 42. Qxg7+ Kxg7 43. Rc5 Rxc5 44. dxc5 Nd5 45. Bxc4 Nc7 46. Kf2 Kf8
47. Ke3 e5 48. Kd3 Ke7 49. Bg8 Ne6 50. Kc4 e4 51. c6 1/2-1/2

[Event "12. Lovsprings EMT Mesterklassen 2001"]
[Site "Ringsted"]
[Date "2001.03.09"]
[Round "2"]
[White "Pedersen, Henrik Dahl"]
[Black "Christensen, Henrik"]
[Result "1/2-1/2"]
[WhiteElo "2150"]
[BlackElo "1929"]
[PlyCount "89"]
[EventDate "2001.??.??"]

1. c4 c5 2. g3 g6 3. Bg2 Bg7 4. Nc3 d6 5. Nf3 Nc6 6. O-O Nf6 7. d4 cxd4 8. Nxd4
Bd7 9. e3 O-O 10. b3 Rc8 11. Bb2 a6 12. Qd2 Qa5 13. Rad1 Qh5 14. Nde2 g5 15.
Nd5 Nxd5 16. cxd5 Ne5 17. Bxe5 Bxe5 18. Nd4 Rc5 19. Qb4 Bxd4 20. Rxd4 Rb5 21.
Qd2 Rc5 22. h4 h6 23. Re4 Bf5 24. Rb4 b5 25. e4 Bd7 26. e5 Bf5 27. Qe3 Rfc8 28.
exd6 exd6 29. Qe7 Qg6 30. Rd4 R5c7 31. Qe2 Qf6 32. Rd2 Kg7 33. hxg5 hxg5 34. a4
Rh8 35. axb5 Qh6 36. f3 Qh2+ 37. Kf2 Bh3 38. Rg1 Rc1 39. Rdd1 Rxd1 40. Qxd1
axb5 41. Qc1 Kg6 42. Qc2+ Kg7 43. Qc3+ f6 44. Qc7+ Kg6 45. Qc2+ 1/2-1/2

[Event "12. Lovsprings EMT Mesterklassen 2001"]
[Site "Ringsted"]
[Date "2001.03.09"]
[Round "2"]
[White "Jensen, Leif"]
[Black "Abildlund, Jens"]
[Result "1/2-1/2"]
[WhiteElo "2052"]
[BlackElo "2096"]
[PlyCount "80"]
[EventDate "2001.??.??"]

1. e4 d6 2. g3 c5 3. Bg2 Nc6 4. c3 e5 5. d3 g6 6. f4 Bg7 7. Nf3 Nge7 8. Be3 O-O
9. fxe5 Nxe5 10. Nxe5 Bxe5 11. Bh6 Bg7 12. Bxg7 Kxg7 13. O-O Nc6 14. Nd2 Be6
15. Nf3 Qe7 16. Qd2 Rae8 17. Qf4 f6 18. Qd2 Ne5 19. b4 b6 20. a4 a5 21. Rfb1
Bg4 22. Nxe5 fxe5 23. bxa5 bxa5 24. Rb5 Qa7 25. c4 Rb8 26. Rxa5 Qc7 27. Rb5 Bd7
28. Rxb8 Rxb8 29. a5 Bc8 30. Bf3 h6 31. Bd1 Ra8 32. Qa2 Qf7 33. Qf2 Qc7 34. Qd2
Bh3 35. Bf3 Bc8 36. Bg2 Qd8 37. h4 g5 38. hxg5 hxg5 39. Bf1 Qf6 40. Qf2 Qd8
1/2-1/2

[Event "12. Lovsprings EMT Mesterklassen 2001"]
[Site "Ringsted"]
[Date "2001.03.09"]
[Round "2"]
[White "Haar, Bjarne"]
[Black "Krogh, Peter Ove"]
[Result "1-0"]
[WhiteElo "2024"]
[BlackElo "1992"]
[PlyCount "95"]
[EventDate "2001.??.??"]

1. d4 Nf6 2. Bf4 b6 3. Nf3 Bb7 4. Nbd2 d6 5. e3 Nbd7 6. Bd3 Nh5 7. Bg3 g6 8.
Bh4 Bg7 9. h3 c5 10. c3 Qc7 11. Qb3 e6 12. Ng5 d5 13. Qc2 Qc6 14. f4 f5 15. g4
Nhf6 16. O-O-O h6 17. Ngf3 Ne4 18. Rhg1 cxd4 19. exd4 Bf6 20. Bxe4 fxe4 21.
Bxf6 Nxf6 22. Ne5 Qb5 23. Nxg6 Rg8 24. Ne5 Nd7 25. Nb3 Rc8 26. Qf2 Qa4 27. Kb1
Ba6 28. Qh4 Nxe5 29. dxe5 Bd3+ 30. Ka1 Bc2 31. Rd4 Rc4 32. Rxc4 Qxc4 33. Qxh6
Bxb3 34. Qxe6+ Kf8 35. Qd6+ Kg7 36. axb3 Qc5 37. Qxc5 bxc5 38. Kb1 d4 39. Kc2
Rh8 40. Rh1 d3+ 41. Kd2 Rb8 42. Re1 Rh8 43. Rxe4 Rxh3 44. e6 Kf8 45. f5 Rf3 46.
Re3 Rf4 47. Rxd3 Rxg4 48. f6 1-0

[Event "12. Lovsprings EMT Mesterklassen 2001"]
[Site "Ringsted"]
[Date "2001.03.09"]
[Round "2"]
[White "Pedersen, Hans Dahl"]
[Black "Eddy, Samuel"]
[Result "1/2-1/2"]
[WhiteElo "2143"]
[BlackElo "1982"]
[PlyCount "52"]
[EventDate "2001.??.??"]

1. g3 f5 2. c4 g6 3. Bg2 Bg7 4. Nc3 Nf6 5. d3 d6 6. e4 fxe4 7. dxe4 O-O 8. Nge2
Nc6 9. O-O Be6 10. b3 Qc8 11. Bb2 Bh3 12. f3 Bxg2 13. Kxg2 a6 14. Qd2 e6 15.
Rad1 Qe8 16. Qe3 Ne5 17. h3 Nfd7 18. f4 Nc6 19. Rd2 Qe7 20. Rfd1 Rad8 21. Ba3
Bh6 22. Qg1 Qf7 23. Rf1 Ne7 24. Rdd1 Qg7 25. Bb2 g5 26. Kh1 Qg6 1/2-1/2

[Event "12. Lovsprings EMT Mesterklassen 2001"]
[Site "Ringsted"]
[Date "2001.03.09"]
[Round "2"]
[White "Nielsen, Max"]
[Black "Hovmoller, Kristian"]
[Result "1/2-1/2"]
[WhiteElo "2213"]
[BlackElo "2148"]
[PlyCount "33"]
[EventDate "2001.??.??"]

1. e4 c5 2. Nf3 d6 3. d4 cxd4 4. Qxd4 a6 5. Be3 Nc6 6. Qd2 Nf6 7. Nc3 b5 8. Bd3
e6 9. O-O Be7 10. Qe2 O-O 11. Rad1 Qa5 12. a3 Bb7 13. Nd2 Ne5 14. f4 Nxd3 15.
cxd3 e5 16. Kh1 Rac8 17. Nf3 1/2-1/2

[Event "12. Lovsprings EMT Mesterklassen 2001"]
[Site "Ringsted"]
[Date "2001.03.16"]
[Round "3"]
[White "Nielsen, Max"]
[Black "Pedersen, Henrik Dahl"]
[Result "1/2-1/2"]
[WhiteElo "2213"]
[BlackElo "2150"]
[PlyCount "91"]
[EventDate "2001.??.??"]

1. e4 e6 2. d4 d5 3. Nc3 Nf6 4. e5 Nfd7 5. f4 c5 6. Nf3 Nc6 7. Be3 a6 8. Qd2 b5
9. dxc5 Bxc5 10. Bxc5 Nxc5 11. Qf2 Qb6 12. Bd3 b4 13. Ne2 a5 14. O-O Ba6 15.
Kh1 O-O 16. Bxh7+ Kxh7 17. Qh4+ Kg8 18. Ng5 Rfc8 19. f5 Nxe5 20. f6 gxf6 21.
Rxf6 Kf8 22. Nxf7 Bxe2 23. Nxe5+ Ke7 24. Rf7+ Kd6 25. Qf4 Qd8 26. Nf3+ Kc6 27.
Nd4+ Kb6 28. Nxe2 Qh8 29. Nd4 Ne4 30. Qe3 Ka6 31. Nxe6 Qe5 32. Qd3+ Kb6 33.
Qd4+ Qxd4 34. Nxd4 Rc4 35. Rd1 Kc5 36. Nb3+ Kd6 37. Rf5 Ke6 38. Rff1 Ke5 39. c3
bxc3 40. bxc3 Rxc3 41. Kg1 Rc2 42. Rf5+ Kxf5 43. Nd4+ Ke5 44. Nxc2 Nc3 45. Re1+
Kd6 46. a3 1/2-1/2

[Event "12. Lovsprings EMT Mesterklassen 2001"]
[Site "Ringsted"]
[Date "2001.03.16"]
[Round "3"]
[White "Pedersen, Hans Dahl"]
[Black "Haar, Bjarne"]
[Result "0-1"]
[WhiteElo "2143"]
[BlackElo "2024"]
[PlyCount "66"]
[EventDate "2001.??.??"]

1. c4 e6 2. g3 d5 3. Bg2 c6 4. b3 dxc4 5. bxc4 Qd4 6. Nc3 Qxc4 7. Nf3 Nd7 8.
O-O Ngf6 9. Bb2 Be7 10. d3 Qg4 11. Qc2 Nd5 12. Ne4 O-O 13. Rab1 c5 14. Ba3 b6
15. Rfc1 Bb7 16. h3 Qh5 17. Qa4 Rfd8 18. d4 Nf4 19. gxf4 Bxe4 20. Rb3 Qf5 21.
Re3 Bd5 22. dxc5 Bxc5 23. Rec3 Bxa3 24. Rxa3 Nc5 25. Qb4 Be4 26. Nh4 Qxf4 27.
Re3 Qxh4 28. Bxe4 f5 29. Rxc5 bxc5 30. Qb3 fxe4 31. Qxe6+ Kh8 32. Rxe4 Rd1+ 33.
Kh2 Qxf2# 0-1

[Event "12. Lovsprings EMT Mesterklassen 2001"]
[Site "Ringsted"]
[Date "2001.03.16"]
[Round "3"]
[White "Hovmoller, Kristian"]
[Black "Christensen, Henrik"]
[Result "1-0"]
[WhiteElo "2148"]
[BlackElo "1929"]
[PlyCount "69"]
[EventDate "2001.??.??"]

1. d4 d5 2. c4 e6 3. Nc3 c6 4. Nf3 Nf6 5. Bg5 Bb4 6. Bxf6 Qxf6 7. e3 a6 8. Qc2
h6 9. g3 Bxc3+ 10. Qxc3 O-O 11. Ne5 Nd7 12. Nxd7 Bxd7 13. c5 Rad8 14. Bd3 Qe7
15. O-O f6 16. f4 g5 17. Rae1 e5 18. fxe5 fxe5 19. dxe5 Rxf1+ 20. Rxf1 Rf8 21.
Rxf8+ Qxf8 22. b4 Bf5 23. h3 Qf7 24. Qc2 Bxd3 25. Qxd3 Kg7 26. e4 Qg6 27. Qd4
Qe6 28. exd5 cxd5 29. a4 Kg6 30. b5 axb5 31. axb5 h5 32. Qc3 Qf5 33. c6 d4 34.
Qxd4 g4 35. Qd6+ 1-0

[Event "12. Lovsprings EMT Mesterklassen 2001"]
[Site "Ringsted"]
[Date "2001.03.16"]
[Round "3"]
[White "Krogh, Peter Ove"]
[Black "Jensen, Leif"]
[Result "1-0"]
[WhiteElo "1992"]
[BlackElo "2052"]
[PlyCount "69"]
[EventDate "2001.??.??"]

1. c4 e5 2. Nc3 g6 3. d4 d6 4. e4 Bg7 5. Be3 c6 6. Be2 f5 7. dxe5 dxe5 8. Qxd8+
Kxd8 9. O-O-O+ Ke8 10. exf5 Bxf5 11. g4 Be6 12. Ne4 b6 13. Nh3 Nf6 14. Nhg5 Ke7
15. Nxe6 Kxe6 16. Nxf6 Bxf6 17. g5 Be7 18. Bg4+ Kf7 19. f4 Na6 20. fxe5 Rhd8
21. Bd7 Bc5 22. Bxc5 Nxc5 23. Bxc6 Rac8 24. Bd5+ Ke7 25. Rhf1 Rf8 26. Kd2 Ne6
27. h4 Nf4 28. Ke3 Ne6 29. Rf6 Nc5 30. Rdf1 Rxf6 31. gxf6+ Kf8 32. b4 Nd7 33.
e6 Ne5 34. Kd4 Ng4 35. e7+ 1-0

[Event "12. Lovsprings EMT Mesterklassen 2001"]
[Site "Ringsted"]
[Date "2001.03.16"]
[Round "3"]
[White "Eddy, Samuel"]
[Black "Abildlund, Jens"]
[Result "1/2-1/2"]
[WhiteElo "1982"]
[BlackElo "2096"]
[PlyCount "80"]
[EventDate "2001.??.??"]

1. c4 Nf6 2. Nf3 g6 3. d3 Bg7 4. g3 O-O 5. Bg2 c5 6. O-O Nc6 7. Nc3 d6 8. a3 a5
9. Rb1 e5 10. Bg5 h6 11. Bxf6 Bxf6 12. Ne1 Bg7 13. Nc2 f5 14. Ne3 f4 15. Ned5
Bg4 16. Be4 g5 17. f3 Bh3 18. g4 Bxf1 19. Qxf1 Nd4 20. Qh3 a4 21. Qh5 Rf7 22.
Bh7+ Kf8 23. Bg6 Rd7 24. Kf2 b5 25. cxb5 Rb7 26. b6 Rxb6 27. Nxb6 Qxb6 28. Be4
Rb8 29. Bd5 Qa7 30. Qg6 c4 31. Qxd6+ Ke8 32. Kf1 cxd3 33. exd3 Rd8 34. Qg6+ Kf8
35. Qh7 Rxd5 36. Nxd5 Nxf3 37. Qf5+ Kg8 38. Qc8+ Kh7 39. Qf5+ Kg8 40. Qc8+ Kh7
1/2-1/2

[Event "12. Lovsprings EMT Mesterklassen 2001"]
[Site "Ringsted"]
[Date "2001.03.23"]
[Round "4"]
[White "Pedersen, Henrik Dahl"]
[Black "Hovmoller, Kristian"]
[Result "0-1"]
[WhiteElo "2150"]
[BlackElo "2148"]
[PlyCount "92"]
[EventDate "2001.??.??"]

1. c4 Nf6 2. g3 c5 3. Bg2 Nc6 4. Nc3 e6 5. Nf3 d5 6. cxd5 Nxd5 7. O-O Be7 8. d4
Nxc3 9. bxc3 O-O 10. e4 b6 11. Be3 cxd4 12. Nxd4 Bb7 13. Qa4 Na5 14. Rad1 Qc8
15. Qc2 Nc4 16. Bc1 Rd8 17. a4 Qc5 18. Qa2 Rac8 19. Rfe1 Bf6 20. Qa1 Ba8 21.
Kh1 Ne5 22. Bb2 Ng4 23. Kg1 h5 24. h3 Ne5 25. Nb3 Qc4 26. Nd2 Qc7 27. c4 Nd7
28. Bxf6 Nxf6 29. Qa2 Nd7 30. Bf1 Nc5 31. Qc2 Bc6 32. Ra1 Bxa4 33. Rxa4 Nxa4
34. Qxa4 Rxd2 35. Qb4 Qd6 36. Qa4 a5 37. e5 Qc5 38. Re3 Rcd8 39. Be2 g6 40. Kg2
R2d4 41. g4 h4 42. Qc2 b5 43. Bd3 Kg7 44. cxb5 Qxc2 45. Bxc2 Rb4 46. Kf3 Rxb5
0-1

[Event "12. Lovsprings EMT Mesterklassen 2001"]
[Site "Ringsted"]
[Date "2001.03.23"]
[Round "4"]
[White "Christensen, Henrik"]
[Black "Nielsen, Max"]
[Result "1/2-1/2"]
[WhiteElo "1929"]
[BlackElo "2213"]
[PlyCount "50"]
[EventDate "2001.??.??"]

1. d4 Nf6 2. Nf3 g6 3. c4 Bg7 4. Nc3 O-O 5. b3 d6 6. Bb2 Nbd7 7. e3 e5 8. Bd3
Re8 9. dxe5 dxe5 10. Bc2 c6 11. Nd2 Qc7 12. g4 Nc5 13. g5 Nh5 14. Nde4 Rd8 15.
Qe2 Ne6 16. Rd1 b6 17. Rxd8+ Qxd8 18. Qd2 Qe7 19. h4 Bb7 20. Bd1 Rd8 21. Qc1 f5
22. Bxh5 gxh5 23. Ng3 Qf7 24. Qc2 Nc5 25. O-O Bc8 1/2-1/2

[Event "12. Lovsprings EMT Mesterklassen 2001"]
[Site "Ringsted"]
[Date "2001.03.23"]
[Round "4"]
[White "Krogh, Peter Ove"]
[Black "Pedersen, Hans Dahl"]
[Result "0-1"]
[WhiteElo "1992"]
[BlackElo "2143"]
[PlyCount "76"]
[EventDate "2001.??.??"]

1. c4 c5 2. e4 g6 3. d4 cxd4 4. Qxd4 Nf6 5. Nc3 Nc6 6. Qd2 Bg7 7. Be2 O-O 8.
Nf3 d6 9. O-O Bd7 10. Kh1 Rc8 11. Rb1 a6 12. b3 Rb8 13. h3 b5 14. Qe3 Qa5 15.
Bd2 b4 16. Nd5 e6 17. Nxf6+ Bxf6 18. a4 Nd8 19. Qd3 Nb7 20. Bf4 Rbd8 21. Rbd1
Nc5 22. Qxd6 Bxa4 23. Qc7 Qxc7 24. Bxc7 Rxd1 25. Bxd1 Rc8 26. bxa4 Rxc7 27. e5
Be7 28. Nd4 Nd3 29. Be2 Nxe5 30. f4 Nd7 31. Nb3 Bf6 32. c5 Nxc5 33. Rc1 Bc3 34.
Nxc5 Rxc5 35. Bxa6 b3 36. Kh2 b2 37. Rd1 Bd2 38. g3 Rc1 0-1

[Event "12. Lovsprings EMT Mesterklassen 2001"]
[Site "Ringsted"]
[Date "2001.03.30"]
[Round "5"]
[White "Christensen, Henrik"]
[Black "Jensen, Leif"]
[Result "1-0"]
[WhiteElo "1929"]
[BlackElo "2052"]
[PlyCount "145"]
[EventDate "2001.??.??"]

1. d4 d5 2. c4 c6 3. e3 Nf6 4. Nc3 e6 5. Nf3 Bd6 6. Bd3 O-O 7. O-O Re8 8. e4
dxe4 9. Nxe4 Nxe4 10. Bxe4 Nd7 11. Bg5 Qc7 12. Re1 Nf8 13. c5 Be7 14. Bxe7 Qxe7
15. Qc2 Rd8 16. Rad1 Bd7 17. Ne5 f6 18. Nc4 Be8 19. Re3 Bg6 20. Nd6 Rd7 21.
Bxg6 Nxg6 22. Qb3 Nf8 23. Rde1 Kh8 24. f4 f5 25. Qc4 b5 26. Qd3 Qf6 27. Re5
Rad8 28. Qa3 Ng6 29. Rxe6 Qxd4+ 30. Qe3 Qxe3+ 31. R1xe3 Nf8 32. Re8 Kg8 33.
Rxd8 Rxd8 34. Nxf5 Rd1+ 35. Kf2 Kf7 36. Ne7 Rd2+ 37. Kf3 Rxb2 38. Nxc6 Rxa2 39.
Re7+ Kf6 40. Rxa7 Rc2 41. Ne5 Ng6 42. Ra6+ Ke7 43. Nxg6+ hxg6 44. Rxg6 Kf7 45.
Rc6 b4 46. Rb6 Rc3+ 47. Kg4 Rxc5 48. Rxb4 Rc2 49. Kh3 Kg6 50. g4 Ra2 51. Kg3
Ra3+ 52. Kh4 Rc3 53. Rb6+ Kh7 54. g5 Rc2 55. Kg3 Rc3+ 56. Kg4 Rc4 57. h4 Rc1
58. h5 Rh1 59. Rb8 g6 60. Rb7+ Kg8 61. hxg6 Rg1+ 62. Kf5 Ra1 63. Rf7 Ra6 64.
Rf6 Ra5+ 65. Kg4 Ra1 66. f5 Rg1+ 67. Kf4 Rf1+ 68. Ke5 Re1+ 69. Kd6 Rg1 70. Ke7
Rxg5 71. Rf8+ Kg7 72. f6+ Kxg6 73. Rg8+ 1-0

[Event "12. Lovsprings EMT Mesterklassen 2001"]
[Site "Ringsted"]
[Date "2001.03.30"]
[Round "5"]
[White "Pedersen, Hans Dahl"]
[Black "Nielsen, Max"]
[Result "0-1"]
[WhiteElo "2143"]
[BlackElo "2213"]
[PlyCount "80"]
[EventDate "2001.??.??"]

1. c4 e5 2. g3 Nf6 3. Bg2 d5 4. cxd5 Nxd5 5. Nf3 Nc6 6. O-O Nb6 7. d3 Be7 8.
Nbd2 O-O 9. b3 Be6 10. Bb2 f6 11. Rc1 Qd7 12. Re1 Rfd8 13. a3 a5 14. Qc2 Qe8
15. Nc4 Qf7 16. Nfd2 Nd5 17. Ne4 Bf8 18. Qd1 Nb6 19. Ncd2 Nd4 20. Nc5 Bxc5 21.
Rxc5 Nxb3 22. Nxb3 Bxb3 23. Qd2 Na4 24. Rcc1 Nxb2 25. Qxb2 c6 26. Rc5 a4 27.
Rec1 Rd6 28. Qc3 Qd7 29. Qb4 Rd4 30. Qc3 Qd8 31. Be4 Rd6 32. Qd2 Qd7 33. Qe3
Bd5 34. Bxd5+ Rxd5 35. R5c4 Qd6 36. R1c3 Rd4 37. Rc5 Rd5 38. R5c4 Rb5 39. Qe4
Rb3 40. Rxa4 Rxa4 0-1

[Event "12. Lovsprings EMT Mesterklassen 2001"]
[Site "Ringsted"]
[Date "2001.03.30"]
[Round "5"]
[White "Eddy, Samuel"]
[Black "Krogh, Peter Ove"]
[Result "1-0"]
[WhiteElo "1982"]
[BlackElo "1992"]
[PlyCount "61"]
[EventDate "2001.??.??"]

1. e4 c5 2. b4 cxb4 3. d4 Nf6 4. Bd3 d6 5. a3 bxa3 6. Ne2 g6 7. O-O Bg7 8. Nxa3
O-O 9. f4 e5 10. c3 exf4 11. Bxf4 Nh5 12. Be3 Bg4 13. Qb3 Qe7 14. Nc4 Nc6 15.
Nf4 Nxf4 16. Bxf4 Rad8 17. Ne3 Bc8 18. Nd5 Qe6 19. Bg5 f6 20. Bc4 Kh8 21. Nxf6
Qe7 22. Nxh7 Rxf1+ 23. Rxf1 Qxe4 24. Bxd8 Qe3+ 25. Kh1 Kxh7 26. Bh4 Na5 27.
Bg8+ Kh8 28. Qf7 Bf5 29. Bf6 Qh6 30. Qf8 Nc6 31. Ba2+ 1-0

[Event "12. Lovsprings EMT Mesterklassen 2001"]
[Site "Ringsted"]
[Date "2001.03.30"]
[Round "5"]
[White "Hovmoller, Kristian"]
[Black "Abildlund, Jens"]
[Result "1-0"]
[WhiteElo "2148"]
[BlackElo "2096"]
[PlyCount "59"]
[EventDate "2001.??.??"]

1. d4 Nf6 2. c4 c5 3. d5 d6 4. Nc3 g6 5. e4 Bg7 6. Be2 O-O 7. Nf3 a6 8. O-O e6
9. a4 exd5 10. cxd5 Re8 11. Nd2 Nbd7 12. f3 h5 13. Nc4 Ne5 14. Nxe5 Rxe5 15.
Bf4 Re8 16. a5 Qc7 17. Qd2 Nd7 18. Na4 Rb8 19. Rac1 Bd4+ 20. Qxd4 Qxa5 21. Qd1
b5 22. Nc3 c4 23. Qd4 Qc7 24. Nb1 Rb6 25. b3 Nc5 26. Nd2 Kh7 27. bxc4 b4 28.
Bd1 b3 29. Rb1 Qb7 30. Bxd6 1-0

[Event "12. Lovsprings EMT Mesterklassen 2001"]
[Site "Ringsted"]
[Date "2001.04.17"]
[Round "5"]
[White "Haar, Bjarne"]
[Black "Pedersen, Henrik Dahl"]
[Result "1/2-1/2"]
[WhiteElo "2024"]
[BlackElo "2150"]
[PlyCount "71"]
[EventDate "2001.??.??"]

1. d4 Nf6 2. Bf4 d6 3. Nf3 g6 4. Nbd2 Bg7 5. e3 O-O 6. Bd3 c6 7. O-O Na6 8. c3
b5 9. a4 b4 10. Qe2 bxc3 11. bxc3 Nc7 12. e4 Ne6 13. Bg3 d5 14. Ne5 c5 15. Nc6
Qe8 16. exd5 Nxd5 17. c4 Nc3 18. Qf3 Bb7 19. d5 Bxc6 20. dxc6 Rc8 21. Ra3 Rxc6
22. Re1 Qd7 23. Be5 Nd4 24. Qg3 Bh6 25. Bf4 Bxf4 26. Qxf4 Re6 27. Rxe6 Qxe6 28.
Qe3 Nce2+ 29. Kf1 Nf4 30. Qxf4 Qb6 31. Ra1 Qb2 32. Rb1 Qa3 33. Qe3 Qxa4 34. Nf3
Nxf3 35. Qxf3 Rd8 36. Re1 1/2-1/2

[Event "12. Lovsprings EMT Mesterklassen 2001"]
[Site "Ringsted"]
[Date "2001.04.20"]
[Round "6"]
[White "Christensen, Henrik"]
[Black "Krogh, Peter Ove"]
[Result "1-0"]
[WhiteElo "1929"]
[BlackElo "1992"]
[PlyCount "101"]
[EventDate "2001.??.??"]

1. d4 Nf6 2. Nf3 b6 3. c4 e6 4. Nc3 Bb4 5. e3 Ne4 6. Qc2 Bb7 7. Bd3 f5 8. a3
Bxc3+ 9. bxc3 d6 10. Bb2 Nd7 11. h4 Qe7 12. a4 a5 13. Ba3 g6 14. Rb1 h6 15. Rb5
Bc6 16. Rb1 Kf7 17. d5 exd5 18. cxd5 Bxd5 19. h5 g5 20. Rb5 c5 21. Nd4 Qe5 22.
Bb2 cxd4 23. cxd4 Qe6 24. Rxd5 Rhc8 25. Qb3 Nef6 26. Rb5 d5 27. O-O Rc6 28. Bc1
Rac8 29. Bd2 Kg7 30. f3 Rf8 31. Qb1 Nxh5 32. Rc1 Rd6 33. Rc7 Kh8 34. Rb2 Ng7
35. Rbc2 Qf6 36. Qb5 Rd8 37. R2c6 Nf8 38. Bc1 Rxc6 39. Rxc6 Rd6 40. Rc8 Kh7 41.
Rc2 Qe6 42. Kf2 Ng6 43. Ba3 Rd8 44. Rc6 Qf7 45. Qxb6 Re8 46. Rf6 Rb8 47. Qd6
Qe8 48. Bb5 Qc8 49. Rxg6 Rb7 50. Rxh6+ Kg8 51. Qxd5+ 1-0

[Event "12. Lovsprings EMT Mesterklassen 2001"]
[Site "Ringsted"]
[Date "2001.04.20"]
[Round "6"]
[White "Hovmoller, Kristian"]
[Black "Haar, Bjarne"]
[Result "1-0"]
[WhiteElo "2148"]
[BlackElo "2024"]
[PlyCount "129"]
[EventDate "2001.??.??"]

1. d4 d5 2. c4 c6 3. Nf3 e6 4. Nc3 Be7 5. Qc2 Nd7 6. e4 dxe4 7. Nxe4 Ngf6 8.
Bd3 Nxe4 9. Bxe4 Nf6 10. O-O Nxe4 11. Qxe4 O-O 12. b3 Qa5 13. Bd2 Qh5 14. Rad1
Bd6 15. Rfe1 Bd7 16. Bf4 Bxf4 17. Qxf4 f6 18. Qc7 Bc8 19. Nd2 Rf7 20. Qd6 Qa5
21. a4 Qc3 22. c5 Bd7 23. Qg3 Qxd4 24. Ne4 Qb4 25. Qg4 Kh8 26. Nxf6 Qxg4 27.
Nxg4 Re7 28. Ne5 Be8 29. Rd6 g6 30. f4 Kg7 31. Kf2 Bf7 32. a5 Rc8 33. Red1 Be8
34. Ke3 Kf6 35. Ke4 g5 36. Ng4+ Kg7 37. Ne5 Bg6+ 38. Nxg6 Kxg6 39. f5+ Kf7 40.
fxe6+ Rxe6+ 41. Rxe6 Kxe6 42. Rd6+ Ke7 43. Rh6 Rh8 44. Kf5 Kd8 45. g4 Rf8+ 46.
Kxg5 Rf3 47. Rxh7 Rxb3 48. a6 bxa6 49. Rxa7 Rb5 50. Rxa6 Rxc5+ 51. Kg6 Kd7 52.
h4 Re5 53. g5 c5 54. Ra7+ Kd6 55. h5 c4 56. h6 c3 57. h7 c2 58. Ra6+ Kd7 59.
h8=Q Rxg5+ 60. Kxg5 c1=Q+ 61. Kg6 Qc2+ 62. Kg7 Qc3+ 63. Rf6 Qg3+ 64. Kh7 Qh4+
65. Kg8 1-0

[Event "12. Lovsprings EMT Mesterklassen 2001"]
[Site "Ringsted"]
[Date "2001.04.20"]
[Round "6"]
[White "Pedersen, Henrik Dahl"]
[Black "Eddy, Samuel"]
[Result "1-0"]
[WhiteElo "2150"]
[BlackElo "1982"]
[PlyCount "83"]
[EventDate "2001.??.??"]

1. c4 e5 2. g3 d6 3. Bg2 Nc6 4. Nc3 g6 5. e3 Bg7 6. Nge2 f5 7. d3 Nf6 8. Rb1
O-O 9. Bd2 Nb4 10. Nc1 f4 11. a3 fxe3 12. Bxe3 Nc6 13. O-O Ne7 14. d4 Ng4 15.
Bg5 c6 16. h3 exd4 17. Nd5 Nf6 18. Nxe7+ Qxe7 19. Qxd4 Bf5 20. Nd3 Qd7 21. Rbd1
Ne4 22. Qe3 Rae8 23. Bxe4 Bxe4 24. Nc5 Qf5 25. Nxe4 Rxe4 26. Qd3 Rfe8 27. Bf4
Bd4 28. Kg2 d5 29. b3 c5 30. Rd2 g5 31. Bc7 Qf7 32. Ba5 b6 33. Bc3 Bxc3 34.
Qxc3 d4 35. Qd3 Qb7 36. Kg1 Qd7 37. Kg2 g4 38. hxg4 Qxg4 39. f3 Qg5 40. fxe4
Re6 41. Rdf2 Rh6 42. Qf3 1-0